[Event "FIDE Grand Prix, Tashkent 2012"]
[Site "?"]
[Date "2012.11.25"]
[Round "4"]
[White "Kasimdzhanov, Rustam"]
[Black "Karjakin, Sergey"]
[Result "1/2-1/2"]
[WhiteElo "2696"]
[BlackElo "2775"]
[PlyCount "50"]
[EventDate "2012.??.??"]

1. d4 d5 2. c4 dxc4 3. Nf3 Nf6 4. e3 e6 5. Bxc4 a6 6. O-O c5 7. dxc5 Bxc5 8.
Qxd8+ Kxd8 9. Be2 Ke7 10. Ne5 Nbd7 11. Nd3 Bd6 12. Nd2 b5 13. b3 Bb7 14. Bb2
Rhc8 15. Bf3 Bxf3 16. Nxf3 Nc5 17. Nxc5 Rxc5 18. a4 bxa4 19. Rxa4 Rc2 20. Bxf6+
Kxf6 21. Rfa1 Be5 22. Nxe5 Kxe5 23. g3 Rb2 24. Rxa6 Rxa6 25. Rxa6 Rxb3 1/2-1/2

[Event "FIDE Grand Prix, Tashkent 2012"]
[Site "?"]
[Date "2012.11.25"]
[Round "4"]
[White "Leko, Peter"]
[Black "Dominguez Perez, Leinier"]
[Result "1/2-1/2"]
[WhiteElo "2732"]
[BlackElo "2726"]
[PlyCount "63"]
[EventDate "2012.??.??"]

1. d4 Nf6 2. c4 e6 3. Nc3 Bb4 4. Qc2 O-O 5. e4 d5 6. e5 Ne4 7. Bd3 c5 8. Nf3
cxd4 9. Nxd4 Nd7 10. Bf4 Qh4 11. g3 Qh5 12. O-O g5 13. cxd5 gxf4 14. dxe6 Nxc3
15. exd7 fxg3 16. hxg3 Bxd7 17. bxc3 Rac8 18. Bf5 Bxc3 19. Bxd7 Bxa1 20. Bxc8
Bxd4 21. Bxb7 Qxe5 22. Kg2 Rb8 23. Rb1 Kg7 24. Qd3 Qf6 25. Qe2 Re8 26. Qg4+ Kf8
27. Bf3 Qg6 28. Qxd4 Qxb1 29. Qh8+ Ke7 30. Qe5+ Kf8 31. Qh8+ Ke7 32. Qe5+
1/2-1/2

[Event "FIDE Grand Prix, Tashkent 2012"]
[Site "?"]
[Date "2012.11.25"]
[Round "4"]
[White "Svidler, Peter"]
[Black "Ponomariov, Ruslan"]
[Result "1-0"]
[WhiteElo "2747"]
[BlackElo "2741"]
[PlyCount "87"]
[EventDate "2012.??.??"]

1. e4 e5 2. Nf3 Nc6 3. d4 exd4 4. Nxd4 Bc5 5. Nb3 Bb6 6. Nc3 Nf6 7. Qe2 O-O 8.
Bg5 Nd4 9. Qd2 Nxb3 10. axb3 Re8 11. f3 h6 12. Bf4 d5 13. O-O-O d4 14. Kb1 Be6
15. Nb5 Qe7 16. g4 Rad8 17. h4 c6 18. Na3 Bc7 19. Nc4 Bxf4 20. Qxf4 Qc5 21. g5
Nh5 22. Qh2 Bxc4 23. Bxc4 b5 24. Bd3 Qe5 25. Rdg1 Qxh2 26. Rxh2 g6 27. Rg4 Ng7
28. gxh6 Nh5 29. f4 Kh7 30. e5 Kxh6 31. b4 Kg7 32. Rf2 Kf8 33. f5 gxf5 34. Rg5
Ng7 35. h5 Re6 36. Rfg2 Ne8 37. Rxf5 Rd7 38. Rf1 Rh6 39. e6 Re7 40. exf7 Nf6
41. Rg6 Rxg6 42. hxg6 Nh5 43. Rh1 Re5 44. Be2 1-0

[Event "FIDE Grand Prix, Tashkent 2012"]
[Site "?"]
[Date "2012.11.25"]
[Round "4"]
[White "Morozevich, Alexander"]
[Black "Mamedyarov, Shakhriyar"]
[Result "1/2-1/2"]
[WhiteElo "2748"]
[BlackElo "2764"]
[PlyCount "110"]
[EventDate "2012.??.??"]

1. d4 d5 2. c4 c6 3. cxd5 cxd5 4. Nc3 Nf6 5. Bf4 Qb6 6. e3 Qxb2 7. Bb5+ Bd7 8.
Bxd7+ Nbxd7 9. Nge2 Qa3 10. Rb1 b6 11. O-O a6 12. Bc7 e6 13. Bxb6 Bd6 14. Rb3
Bxh2+ 15. Kh1 Qe7 16. g3 Ng4 17. Bc5 Qf6 18. Nf4 Nxf2+ 19. Rxf2 Bxg3 20. Rfb2
Qh4+ 21. Kg1 Nxc5 22. dxc5 Bxf4 23. exf4 Qxf4 24. Ne2 Qc7 25. Qd4 O-O 26. Rb7
Qa5 27. Kf2 Rac8 28. Rc2 Rc6 29. Nc1 Qd8 30. Nd3 Qc8 31. Re7 Qd8 32. Rb7 Qc8
33. Rb3 e5 34. Nxe5 Qf5+ 35. Ke1 Qxc2 36. Nxc6 Qxa2 37. Re3 a5 38. Qxd5 Qc2 39.
Re2 Qc1+ 40. Kf2 Qf4+ 41. Qf3 Qh4+ 42. Kf1 a4 43. Ne7+ Kh8 44. Nf5 Qf6 45. Rf2
Qe5 46. Rc2 a3 47. c6 Rc8 48. Kg2 h6 49. Ng3 Qe8 50. c7 a2 51. Rxa2 Rxc7 52.
Ra8 Rc2+ 53. Kg1 Rc1+ 54. Kg2 Rc2+ 55. Kg1 Rc1+ 1/2-1/2

[Event "FIDE Grand Prix, Tashkent 2012"]
[Site "?"]
[Date "2012.11.25"]
[Round "4"]
[White "Caruana, Fabiano"]
[Black "Gelfand, Boris"]
[Result "1-0"]
[WhiteElo "2786"]
[BlackElo "2751"]
[PlyCount "117"]
[EventDate "2012.??.??"]

1. e4 c5 2. Nf3 Nc6 3. Bb5 e6 4. O-O Nge7 5. Re1 Nd4 6. Nxd4 cxd4 7. d3 a6 8.
Ba4 b5 9. Bb3 Bb7 10. Nd2 Nc6 11. f4 Na5 12. Bd5 Be7 13. Bxb7 Nxb7 14. Nf3 Qb6
15. Qe2 Na5 16. Qf2 Bc5 17. a3 b4 18. axb4 Bxb4 19. Rf1 Bc5 20. f5 f6 21. fxe6
dxe6 22. b4 Bxb4 23. Rb1 Qc5 24. Nxd4 e5 25. Ne6 Qxf2+ 26. Kxf2 Kf7 27. Rxb4
Kxe6 28. Rb6+ Kd7 29. Bd2 Nc6 30. Rb7+ Ke6 31. Rxg7 a5 32. Ra1 Rhb8 33. Ra2 h5
34. Rc7 Rc8 35. Rb7 Rcb8 36. Rh7 Rh8 37. Rxh8 Rxh8 38. Rb2 Ra8 39. c3 Rb8 40.
Rxb8 Nxb8 41. Bc1 Nd7 42. Ba3 f5 43. exf5+ Kxf5 44. c4 e4 45. Ke3 exd3 46. Kxd3
Ne5+ 47. Kd4 Ke6 48. c5 Nc6+ 49. Kc4 Ne5+ 50. Kd4 Nc6+ 51. Ke4 Ne5 52. Bb2 Nc4
53. Bc3 a4 54. h4 a3 55. c6 a2 56. Kf4 Nd6 57. Ba1 Kd5 58. c7 Kc6 59. Kg5 1-0

[Event "2nd UNAM Chess Festival, Mexico 2012 "]
[Site "Mexico City MEX"]
[Date "2012.11.24"]
[Round "1"]
[White "Carlsen, Magnus"]
[Black "Bruzon Batista, Lazaro"]
[Result "1-0"]
[WhiteElo "2848"]
[BlackElo "2706"]
[PlyCount "79"]
[EventDate "2012.11.24"]

1. e4 c5 2. Nf3 e6 3. d3 Nc6 4. g3 d5 5. Qe2 Nf6 6. Bg2 Be7 7. O-O b5 8. exd5
exd5 9. d4 c4 10. Ne5 Nxd4 11. Qd1 Qb6 12. Be3 Bc5 13. Nc3 Be6 14. a4 b4 15. a5
Qc7 16. Na4 Bd6 17. Nxc4 Qxc4 18. Bxd4 Be7 19. b3 Qc7 20. c4 Rd8 21. Bxf6 Bxf6
22. cxd5 O-O 23. Rc1 Qxa5 24. Nc5 Bc8 25. d6 Bc3 26. Qd5 Bg4 27. h3 Be2 28. d7
Bxf1 29. Rxf1 g6 30. Rd1 Rb8 31. Bf1 Kh8 32. Bc4 Bf6 33. Re1 Qb6 34. Re3 a5 35.
Rf3 Bg7 36. h4 h5 37. Ne4 Qd4 38. Ng5 Qxd5 39. Bxd5 Bc3 40. Rxf7 1-0

[Event "2nd UNAM Chess Festival, Mexico 2012 "]
[Site "Mexico City MEX"]
[Date "2012.11.24"]
[Round "1"]
[White "Bruzon Batista, Lazaro"]
[Black "Carlsen, Magnus"]
[Result "1/2-1/2"]
[WhiteElo "2706"]
[BlackElo "2848"]
[PlyCount "100"]
[EventDate "2012.11.24"]

1. d4 Nf6 2. c4 e6 3. Nc3 Bb4 4. e3 b6 5. Bd3 Bb7 6. Nf3 c5 7. O-O O-O 8. Na4
cxd4 9. exd4 Re8 10. a3 Bf8 11. b4 a5 12. b5 d6 13. Bb2 Nbd7 14. Re1 Rc8 15.
Rc1 g6 16. h3 d5 17. Nd2 dxc4 18. Nxc4 Nd5 19. Be4 Rc7 20. Qd2 Qb8 21. Bd3 Rec8
22. Bf1 Ba8 23. Ne5 Nxe5 24. dxe5 Rxc1 25. Rxc1 Rxc1 26. Qxc1 Bg7 27. Bd4 h5
28. Qe1 Bf8 29. Qc1 Bg7 30. Nb2 Bxe5 31. Bxe5 Qxe5 32. Qc8+ Kh7 33. Nc4 Qh8 34.
Qd7 Qf8 35. Qa7 Kg7 36. Nxb6 Qc5 37. Qxa8 Qxb6 38. Bc4 Nf6 39. Be2 h4 40. Qa6
Qc5 41. Qxa5 Ne4 42. Qe1 Qxa3 43. Bf3 Nd6 44. Qb1 Nc4 45. Be2 Nd2 46. Qd3 Qa1+
47. Kh2 Qe5+ 48. Kg1 Qa1+ 49. Kh2 Qe5+ 50. Kg1 Qa1+ 1/2-1/2

[Event "2nd UNAM Chess Festival, Mexico 2012 "]
[Site "Mexico City MEX"]
[Date "2012.11.25"]
[Round "1"]
[White "Polgar, Judit"]
[Black "Leon Hoyos, Manuel"]
[Result "1/2-1/2"]
[WhiteElo "2705"]
[BlackElo "2599"]
[PlyCount "84"]
[EventDate "2012.11.24"]

1. e4 c5 2. Nf3 g6 3. d4 cxd4 4. Nxd4 Nc6 5. c4 Nf6 6. Nc3 d6 7. Be2 Bg7 8. Be3
O-O 9. O-O Nxd4 10. Bxd4 Bd7 11. Rc1 Bc6 12. Qd3 a5 13. b3 Nd7 14. Bxg7 Kxg7
15. Qd4+ Kg8 16. a3 Qb6 17. Qxb6 Nxb6 18. Nd5 Bxd5 19. cxd5 Nd7 20. Rc7 Nc5 21.
b4 axb4 22. axb4 Nxe4 23. Rxb7 Rfb8 24. Rxe7 Rxb4 25. Re1 Ra2 26. h3 Nc5 27.
Bf1 Rd2 28. Ra1 Rxd5 29. g3 Rf5 30. h4 Rb3 31. f4 Rb2 32. Bh3 Rd5 33. Ra8+ Kg7
34. Raa7 Rd1+ 35. Bf1 Kf6 36. Rxf7+ Ke6 37. f5+ gxf5 38. Rae7+ Kd5 39. Rxf5+
Kd4 40. Rf4+ Kd5 41. Rf5+ Kd4 42. Rf4+ Kd5 1/2-1/2

[Event "2nd UNAM Chess Festival, Mexico 2012 "]
[Site "Mexico City MEX"]
[Date "2012.11.25"]
[Round "2"]
[White "Bruzon Batista, Lazaro"]
[Black "Leon Hoyos, Manuel"]
[Result "0-1"]
[WhiteElo "2706"]
[BlackElo "2599"]
[PlyCount "102"]
[EventDate "2012.11.24"]

1. d4 Nf6 2. Nf3 g6 3. c4 c5 4. g3 Bg7 5. Bg2 O-O 6. O-O cxd4 7. Nxd4 d5 8.
cxd5 Nxd5 9. Nb5 a6 10. N5c3 Nxc3 11. Nxc3 Nc6 12. Be3 Bf5 13. Qb3 Nd4 14. Bxd4
Qxd4 15. Rfd1 Qa7 16. Nd5 b5 17. Qb4 Rae8 18. Rac1 e6 19. Rc7 Qb8 20. Ne7+ Kh8
21. Rdd7 Rd8 22. Qd6 Bb1 23. Nc6 Rxd7 24. Qxd7 Qb6 25. Nd8 Qd4 26. Nxf7+ Kg8
27. Qxe6 Qf6 28. Qxf6 Bxf6 29. Bd5 Bg7 30. b4 h5 31. e4 Kh7 32. Ng5+ Kh6 33.
Ne6 Be5 34. Rc6 Rf3 35. h4 Rd3 36. Ng5 Rd1+ 37. Kg2 Kg7 38. Rxa6 Bd4 39. Rc6
Rd2 40. Ne6+ Kh6 41. Nxd4 Rxd4 42. Kf3 Rxb4 43. Kf4 Rb2 44. e5 Rxf2+ 45. Ke3
Rf5 46. Kd4 Rf1 47. e6 Rd1+ 48. Ke5 Re1+ 49. Kd6 Bf5 50. e7 Kg7 51. Rc7 Kf6 0-1

[Event "2nd UNAM Chess Festival, Mexico 2012 "]
[Site "Mexico City MEX"]
[Date "2012.11.25"]
[Round "2"]
[White "Leon Hoyos, Manuel"]
[Black "Bruzon Batista, Lazaro"]
[Result "1-0"]
[WhiteElo "2599"]
[BlackElo "2706"]
[PlyCount "81"]
[EventDate "2012.11.24"]

1. c4 e5 2. g3 Nc6 3. Nc3 Bc5 4. Bg2 a6 5. e3 Ba7 6. Nge2 d6 7. b3 Nge7 8. Bb2
Bf5 9. d3 Qd7 10. h3 O-O 11. Qd2 Rab8 12. f4 f6 13. g4 Be6 14. d4 exd4 15. exd4
d5 16. c5 f5 17. g5 b6 18. cxb6 cxb6 19. Na4 Nc8 20. Ba3 Nd6 21. Bxd6 Qxd6 22.
Rc1 Rbc8 23. O-O b5 24. Nc5 Nxd4 25. Nxd4 Bxc5 26. Kh2 Bd7 27. Nf3 Ba3 28. Rcd1
Be6 29. Nd4 Bb4 30. Qe2 Bd7 31. Qf3 Rc5 32. Rf2 Rfc8 33. Re2 g6 34. Re5 Re8 35.
Qe2 Rxe5 36. fxe5 Qc7 37. Kh1 Bc3 38. b4 Bxb4 39. e6 Be8 40. e7 Rc1 41. Qe6+
1-0

[Event "2nd UNAM Chess Festival, Mexico 2012 "]
[Site "Mexico City MEX"]
[Date "2012.11.26"]
[Round "2"]
[White "Polgar, Judit"]
[Black "Carlsen, Magnus"]
[Result "0-1"]
[WhiteElo "2705"]
[BlackElo "2848"]
[PlyCount "88"]
[EventDate "2012.11.24"]

1. e4 d6 2. d4 Nf6 3. Nc3 g6 4. f4 Bg7 5. Bd3 c5 6. d5 O-O 7. Nf3 Na6 8. O-O
Rb8 9. a4 Bg4 10. h3 Bxf3 11. Qxf3 Nb4 12. Qf2 Nd7 13. Be3 a6 14. Rfd1 Nxd3 15.
cxd3 Qa5 16. d4 Rbc8 17. Rab1 Qb4 18. Kh2 cxd4 19. Bxd4 Rc4 20. Bxg7 Kxg7 21.
Re1 Nc5 22. Qe3 Rd4 23. Rbd1 Rxd1 24. Rxd1 Qxb2 25. e5 Rc8 26. f5 Nd7 27. exd6
exd6 28. Qd4+ Ne5 29. Ne4 Qxd4 30. Rxd4 Rc4 31. Rxc4 Nxc4 32. f6+ Kf8 33. Kg3
b5 34. axb5 axb5 35. Kf4 b4 36. g4 b3 37. Nc3 b2 38. Nb1 Nb6 39. Ke4 g5 40. Nc3
h6 41. Nb1 Kg8 42. Kd4 Kh7 43. Kc3 Nxd5+ 44. Kxb2 Kg6 0-1

[Event "2nd UNAM Chess Festival, Mexico 2012 "]
[Site "Mexico City MEX"]
[Date "2012.11.26"]
[Round "3"]
[White "Carlsen, Magnus"]
[Black "Polgar, Judit"]
[Result "1-0"]
[WhiteElo "2848"]
[BlackElo "2705"]
[PlyCount "87"]
[EventDate "2012.11.24"]

1. e4 c5 2. Nf3 Nc6 3. Bb5 g6 4. Bxc6 bxc6 5. O-O Bg7 6. Re1 d6 7. c3 Bg4 8. h3
Bxf3 9. Qxf3 e5 10. a3 Ne7 11. b4 O-O 12. bxc5 d5 13. d3 Qa5 14. a4 Rab8 15.
Qe2 Rb3 16. Nd2 Rxc3 17. Nf3 Qxc5 18. Bd2 Rc2 19. Bb4 Rxe2 20. Bxc5 Rxe1+ 21.
Rxe1 Re8 22. Bxa7 Ra8 23. Bc5 Nc8 24. exd5 cxd5 25. Nxe5 Rxa4 26. d4 Bf8 27.
Nd7 Bxc5 28. Re8+ Kg7 29. dxc5 d4 30. Kf1 Na7 31. Ne5 Nb5 32. f4 Ra2 33. Re7
Kf6 34. Rxf7+ Ke6 35. Rxh7 Kd5 36. c6 Rc2 37. Rb7 Nd6 38. Rd7 Ke6 39. Rd8 g5
40. Nf3 Rc1+ 41. Ke2 Rc2+ 42. Kd1 Rc4 43. Nxg5+ Kd5 44. Nf7 1-0

[Event "2nd UNAM Chess Festival, Mexico 2012 "]
[Site "Mexico City MEX"]
[Date "2012.11.26"]
[Round "3"]
[White "Polgar, Judit"]
[Black "Carlsen, Magnus"]
[Result "0-1"]
[WhiteElo "2705"]
[BlackElo "2848"]
[PlyCount "72"]
[EventDate "2012.11.24"]

1. e4 e5 2. Nf3 Nc6 3. Bc4 Bc5 4. O-O d6 5. c3 Bb6 6. a4 Nf6 7. b4 a5 8. b5 Ne7
9. d3 O-O 10. Bg5 Ng6 11. Nbd2 h6 12. Be3 c6 13. Ba2 d5 14. Bxb6 Qxb6 15. exd5
cxd5 16. Re1 Re8 17. c4 e4 18. d4 exf3 19. Rxe8+ Nxe8 20. c5 Qd8 21. Qxf3 Nf6
22. Re1 Be6 23. Bb1 Nf8 24. h3 Rc8 25. b6 Bd7 26. Bc2 Ne6 27. Qd3 Bc6 28. f3
Qd7 29. Ra1 Re8 30. g3 Ng5 31. h4 Qh3 32. Nf1 Nge4 33. fxe4 dxe4 34. Qe2 e3 35.
Qh2 Qg4 36. Re1 e2 0-1

[Event "FIDE Grand Prix, Tashkent 2012"]
[Site "?"]
[Date "2012.11.27"]
[Round "5"]
[White "Gelfand, Boris"]
[Black "Kamsky, Gata"]
[Result "0-1"]
[WhiteElo "2751"]
[BlackElo "2762"]
[PlyCount "66"]
[EventDate "2012.??.??"]

1. d4 f5 2. g3 Nf6 3. Bg2 d6 4. Nf3 g6 5. O-O Bg7 6. c4 O-O 7. Nc3 c6 8. d5 e5
9. dxe6 Bxe6 10. b3 Na6 11. Bb2 Qe7 12. Ng5 Bd7 13. Qd2 h6 14. Nh3 Be6 15. Rad1
Rad8 16. Ba3 Nc5 17. f4 Qc7 18. Nf2 Rfe8 19. Kh1 Qb6 20. Qc2 d5 21. cxd5 cxd5
22. Nxd5 Nxd5 23. Bxc5 Qc7 24. Rd2 Bc3 25. Nd3 b6 26. Bf2 Bxd2 27. Qxd2 Qc3 28.
Qc1 Qxc1 29. Rxc1 Rc8 30. Ra1 Nc3 31. Bf3 Nxe2 32. Re1 Nc3 33. Nb4 Ne4 0-1

[Event "FIDE Grand Prix, Tashkent 2012"]
[Site "?"]
[Date "2012.11.27"]
[Round "5"]
[White "Mamedyarov, Shakhriyar"]
[Black "Caruana, Fabiano"]
[Result "1/2-1/2"]
[WhiteElo "2764"]
[BlackElo "2786"]
[PlyCount "107"]
[EventDate "2012.??.??"]

1. d4 d5 2. c4 c6 3. Nc3 Nf6 4. e3 e6 5. Nf3 Nbd7 6. Bd3 dxc4 7. Bxc4 b5 8. Bd3
Bd6 9. O-O O-O 10. b3 Bb7 11. Bb2 b4 12. Ne4 Nxe4 13. Bxe4 Nf6 14. Bc2 c5 15.
dxc5 Bxc5 16. Ng5 Qxd1 17. Rfxd1 Be7 18. Nxh7 Nxh7 19. Rd7 Bf6 20. Bxf6 Bc8 21.
Bxh7+ Kxh7 22. Rd8 Rxd8 23. Bxd8 a5 24. f3 e5 25. Rc1 Be6 26. Be7 Ra7 27. Bd6
f6 28. Rc6 Bd5 29. Rb6 a4 30. Rxb4 axb3 31. axb3 Ra1+ 32. Kf2 Rb1 33. Rh4+ Kg8
34. b4 g5 35. Rg4 Be6 36. Rg3 Bc4 37. e4 Rb2+ 38. Kg1 Rb1+ 39. Kf2 Rb2+ 40. Ke1
Kf7 41. Bc5 Be6 42. h3 Bc4 43. h4 gxh4 44. Rg4 Bb5 45. Rxh4 Re2+ 46. Kd1 Rxg2
47. f4 Kg6 48. fxe5 fxe5 49. Rh8 Rg4 50. Rg8+ Kh5 51. Rh8+ Kg6 52. Rg8+ Kh5 53.
Rh8+ Kg6 54. Rg8+ 1/2-1/2

[Event "FIDE Grand Prix, Tashkent 2012"]
[Site "?"]
[Date "2012.11.27"]
[Round "5"]
[White "Ponomariov, Ruslan"]
[Black "Morozevich, Alexander"]
[Result "1-0"]
[WhiteElo "2741"]
[BlackElo "2748"]
[PlyCount "83"]
[EventDate "2012.??.??"]

1. e4 e6 2. d4 d5 3. Nd2 c5 4. Ngf3 cxd4 5. Nxd4 Nc6 6. Bb5 Bd7 7. Nxc6 bxc6 8.
Bd3 Bd6 9. Qe2 Qc7 10. Nf3 dxe4 11. Qxe4 Nf6 12. Qh4 h6 13. O-O c5 14. Nd2 Nd5
15. Nc4 Bf4 16. Re1 Rb8 17. Be4 Bxc1 18. Raxc1 Nb6 19. Ne3 O-O 20. b3 f5 21.
Bd3 e5 22. f3 Rbe8 23. Rcd1 Kh8 24. c3 Rf6 25. Bc2 Be6 26. Rd2 a5 27. c4 Nc8
28. Bxf5 Rxf5 29. Nxf5 Bxf5 30. Qh5 Rf8 31. Rd5 Kh7 32. Rdxe5 Bg6 33. Qh4 Rd8
34. Qg3 Bf7 35. Qf4 Bg6 36. h4 Rd4 37. Qf8 Qd7 38. h5 Bf7 39. Qxc5 a4 40. Re7
Nxe7 41. Rxe7 Rd1+ 42. Kh2 1-0

[Event "FIDE Grand Prix, Tashkent 2012"]
[Site "?"]
[Date "2012.11.27"]
[Round "5"]
[White "Dominguez Perez, Leinier"]
[Black "Svidler, Peter"]
[Result "1/2-1/2"]
[WhiteElo "2726"]
[BlackElo "2747"]
[PlyCount "107"]
[EventDate "2012.??.??"]

1. e4 e5 2. Nf3 Nc6 3. Bb5 a6 4. Ba4 Nf6 5. d3 Bc5 6. O-O b5 7. Bb3 d6 8. c3
O-O 9. Re1 Ne7 10. a4 Rb8 11. axb5 axb5 12. Nbd2 Ng6 13. Nf1 Bb6 14. Be3 c5 15.
Bg5 Be6 16. Bxe6 fxe6 17. c4 bxc4 18. dxc4 Ne7 19. Ng3 h6 20. Bxf6 Rxf6 21. Re3
Nc6 22. Ne1 Nd4 23. Nd3 Ra8 24. Rb1 Qd7 25. Ne2 Nc6 26. Nc3 Nd4 27. Ne2 Nc6 28.
h3 Rf7 29. Nc3 Nd4 30. Ne2 Nc6 31. Nc3 Nd4 32. Rg3 Bd8 33. Qg4 Bg5 34. h4 Bf4
35. Rh3 Qb7 36. Rd1 Qb3 37. Kh1 Qc2 38. Nb5 Nxb5 39. cxb5 Kh8 40. b3 Rb7 41.
Rg1 c4 42. Nxf4 exf4 43. Qxe6 cxb3 44. Rxb3 Qxf2 45. Qg4 Rab8 46. Rc1 Rxb5 47.
Rc7 Rg8 48. Rxb5 Qf1+ 49. Kh2 Qxb5 50. Qxf4 Qe8 51. Rb7 Qe6 52. Rb6 Re8 53.
Rxd6 Qxe4 54. Qxe4 1/2-1/2

[Event "FIDE Grand Prix, Tashkent 2012"]
[Site "?"]
[Date "2012.11.27"]
[Round "5"]
[White "Karjakin, Sergey"]
[Black "Leko, Peter"]
[Result "1/2-1/2"]
[WhiteElo "2775"]
[BlackElo "2732"]
[PlyCount "85"]
[EventDate "2012.??.??"]

1. d4 Nf6 2. c4 e6 3. Nf3 d5 4. Nc3 Bb4 5. Bg5 h6 6. Bxf6 Qxf6 7. g3 O-O 8. Bg2
dxc4 9. O-O Nc6 10. e3 Rd8 11. Qa4 a6 12. Nd2 Bd7 13. Qc2 Na5 14. Rfd1 Qe7 15.
a3 Bd6 16. Nce4 Bc6 17. Nxc4 Nxc4 18. Qxc4 Bd5 19. Qc2 Bxe4 20. Qxe4 c6 21. h4
h5 22. b4 a5 23. Rab1 g6 24. Rd3 Rd7 25. b5 Bxa3 26. bxc6 bxc6 27. Qxc6 Rad8
28. Rc3 Bb4 29. Rc4 Qd6 30. Qa4 Rc7 31. Rbc1 Rdc8 32. Bc6 e5 33. d5 Kg7 34. Kg2
Qf6 35. Qb5 Qd6 36. R1c2 Re7 37. Qa4 Rb8 38. Qb3 Rc8 39. Qd3 Rd8 40. Qe2 Qf6
41. Qd3 Qd6 42. Qe2 Qf6 43. Qd3 1/2-1/2

[Event "FIDE Grand Prix, Tashkent 2012"]
[Site "?"]
[Date "2012.11.28"]
[Round "6"]
[White "Kamsky, Gata"]
[Black "Kasimdzhanov, Rustam"]
[Result "1/2-1/2"]
[WhiteElo "2762"]
[BlackElo "2696"]
[PlyCount "74"]
[EventDate "2012.??.??"]

1. e4 e5 2. Nf3 Nc6 3. Bb5 a6 4. Ba4 Nf6 5. O-O Be7 6. d3 b5 7. Bb3 O-O 8. a4
b4 9. Nbd2 Bc5 10. c3 d6 11. h3 Rb8 12. Nc4 bxc3 13. bxc3 h6 14. Be3 Bxe3 15.
Nxe3 Be6 16. Bxe6 fxe6 17. Rb1 Qd7 18. Qc2 Na5 19. Rfc1 Qc6 20. Rb4 Rb6 21.
Rxb6 cxb6 22. Qa2 Re8 23. Qa3 Nb7 24. d4 Nxe4 25. dxe5 dxe5 26. Nxe5 Qc5 27.
Qxc5 Nbxc5 28. f3 Nf6 29. Ra1 Nd5 30. N5c4 Nxe3 31. Nxe3 Rc8 32. Nc4 Nd7 33.
Rd1 Rxc4 34. Rxd7 Rxc3 35. Rd6 Rc4 36. Rxe6 Rxa4 37. Rxb6 Kf7 1/2-1/2

[Event "FIDE Grand Prix, Tashkent 2012"]
[Site "?"]
[Date "2012.11.28"]
[Round "6"]
[White "Leko, Peter"]
[Black "Wang, Hao"]
[Result "1/2-1/2"]
[WhiteElo "2732"]
[BlackElo "2737"]
[PlyCount "85"]
[EventDate "2012.??.??"]

1. d4 d5 2. c4 c6 3. Nc3 Nf6 4. e3 g6 5. Nf3 Bg7 6. Be2 O-O 7. O-O e6 8. Qc2
Nbd7 9. Rd1 b6 10. b4 Bb7 11. Rb1 Re8 12. a4 Qc7 13. h3 Rac8 14. Ba3 e5 15.
dxe5 Nxe5 16. Nxe5 Qxe5 17. Bb2 Qg5 18. Bf3 dxc4 19. Ne2 Re7 20. Qxc4 c5 21.
Bxb7 Rxb7 22. Nf4 Rbb8 23. Rbc1 Qf5 24. g4 Qe4 25. Bxf6 Qxc4 26. Rxc4 Bxf6 27.
Nd5 Bh4 28. Rdc1 Rd8 29. e4 cxb4 30. Rxb4 Rbc8 31. Rbc4 Rxc4 32. Rxc4 f5 33. f3
fxe4 34. fxe4 Bg3 35. Kg2 Bd6 36. Rc6 Kf7 37. Ne3 Ke7 38. Nc4 Bb8 39. e5 Kd7
40. Rf6 Ke7 41. Rc6 Kd7 42. Rf6 Ke7 43. Rc6 1/2-1/2

[Event "FIDE Grand Prix, Tashkent 2012"]
[Site "?"]
[Date "2012.11.28"]
[Round "6"]
[White "Svidler, Peter"]
[Black "Karjakin, Sergey"]
[Result "1/2-1/2"]
[WhiteElo "2747"]
[BlackElo "2775"]
[PlyCount "50"]
[EventDate "2012.??.??"]

1. c4 Nf6 2. Nc3 e5 3. Nf3 Nc6 4. g3 d5 5. cxd5 Nxd5 6. Bg2 Nb6 7. O-O Be7 8.
a3 O-O 9. b4 Be6 10. Rb1 f6 11. d3 Nd4 12. Be3 Nxf3+ 13. Bxf3 c6 14. Bc5 Rf7
15. Qc2 Nd5 16. Ne4 Rc8 17. Rfd1 b6 18. Bxe7 Rxe7 19. Rbc1 Rd7 20. Qb2 Ne7 21.
Nd2 Kh8 22. Rc3 Nd5 23. Rc2 Ne7 24. Rc3 Nd5 25. Rc2 Ne7 1/2-1/2

[Event "FIDE Grand Prix, Tashkent 2012"]
[Site "?"]
[Date "2012.11.28"]
[Round "6"]
[White "Morozevich, Alexander"]
[Black "Dominguez Perez, Leinier"]
[Result "1-0"]
[WhiteElo "2748"]
[BlackElo "2726"]
[PlyCount "57"]
[EventDate "2012.??.??"]

1. d4 Nf6 2. c4 g6 3. Nc3 d5 4. cxd5 Nxd5 5. e4 Nxc3 6. bxc3 Bg7 7. Qa4+ Nd7 8.
Nf3 c5 9. Be2 O-O 10. O-O a6 11. Qa3 Qc7 12. Bg5 Re8 13. Rad1 Rb8 14. d5 e6 15.
dxe6 Rxe6 16. Bh4 Bh6 17. Bc4 Rxe4 18. Bg3 Qb6 19. Qa4 Re7 20. Bd6 Qd8 21. Bxe7
Qxe7 22. Rfe1 Qf8 23. Rxd7 b5 24. Bxf7+ Kg7 25. Qd1 Bxd7 26. Qxd7 Rd8 27. Qc7
Rc8 28. Qb7 Rb8 29. Qe7 1-0

[Event "FIDE Grand Prix, Tashkent 2012"]
[Site "?"]
[Date "2012.11.28"]
[Round "6"]
[White "Caruana, Fabiano"]
[Black "Ponomariov, Ruslan"]
[Result "1/2-1/2"]
[WhiteElo "2786"]
[BlackElo "2741"]
[PlyCount "79"]
[EventDate "2012.??.??"]

1. e4 e5 2. Nf3 Nc6 3. d4 exd4 4. Nxd4 Bc5 5. Nxc6 bxc6 6. Nc3 Qf6 7. Qf3 Bd4
8. Bd2 Qxf3 9. gxf3 Rb8 10. Na4 Ne7 11. Ba5 Bb6 12. Bc3 f6 13. h4 d5 14. h5 Kf7
15. b4 Be6 16. Bd3 a5 17. a3 axb4 18. axb4 Rhd8 19. Ke2 Ra8 20. Nxb6 cxb6 21.
Rxa8 Rxa8 22. Bd4 c5 23. bxc5 Nc6 24. c3 dxe4 25. fxe4 bxc5 26. Bxc5 Ne5 27.
Bb1 Rb8 28. Bd4 Rb2+ 29. Ke3 Bc4 30. Kf4 g5+ 31. hxg6+ hxg6 32. Kg3 g5 33. Rc1
Nd3 34. Bxd3 Bxd3 35. f3 Rb1 36. Rxb1 Bxb1 37. c4 f5 38. exf5 Bxf5 39. f4 gxf4+
40. Kxf4 1/2-1/2

[Event "FIDE Grand Prix, Tashkent 2012"]
[Site "?"]
[Date "2012.11.28"]
[Round "6"]
[White "Gelfand, Boris"]
[Black "Mamedyarov, Shakhriyar"]
[Result "1/2-1/2"]
[WhiteElo "2751"]
[BlackElo "2764"]
[PlyCount "65"]
[EventDate "2012.??.??"]

1. d4 d5 2. c4 c6 3. Nf3 Nf6 4. e3 e6 5. Nbd2 Bd6 6. b3 Nbd7 7. Bb2 Qe7 8. Ne5
Ba3 9. Bxa3 Qxa3 10. Bd3 Nxe5 11. dxe5 Nd7 12. f4 b6 13. cxd5 cxd5 14. O-O g6
15. e4 O-O 16. exd5 exd5 17. Nf3 Qb4 18. f5 Nxe5 19. Nxe5 Qd4+ 20. Kh1 Qxe5 21.
Qd2 Bxf5 22. Bxf5 gxf5 23. Rae1 Qf6 24. Qxd5 Rae8 25. Rxe8 Rxe8 26. h3 Qe5 27.
Rxf5 Qxd5 28. Rxd5 Re2 29. a4 Re3 30. Rb5 Kg7 31. a5 bxa5 32. Rxa5 Rxb3 33.
Rxa7 1/2-1/2

[Event "FIDE Grand Prix, Tashkent 2012"]
[Site "?"]
[Date "2012.11.29"]
[Round "7"]
[White "Mamedyarov, Shakhriyar"]
[Black "Kamsky, Gata"]
[Result "1/2-1/2"]
[WhiteElo "2764"]
[BlackElo "2762"]
[PlyCount "139"]
[EventDate "2012.??.??"]

1. d4 d5 2. c4 c6 3. Nc3 Nf6 4. e3 g6 5. Nf3 Bg7 6. Bd3 O-O 7. O-O Bg4 8. h3
Bxf3 9. Qxf3 e6 10. b3 Re8 11. Bb2 Nbd7 12. Qe2 a6 13. Rac1 Rc8 14. Rfd1 Qc7
15. f4 dxc4 16. Bxc4 b5 17. Bd3 Qa7 18. Ne4 Nxe4 19. Bxe4 c5 20. dxc5 Nxc5 21.
Bf3 Bxb2 22. Qxb2 Ne4 23. Rd4 Ng3 24. Kf2 Nf5 25. Rxc8 Rxc8 26. Rd3 Qe7 27. Qd2
h5 28. g3 e5 29. Rd7 Qf6 30. Be4 exf4 31. exf4 Kg7 32. Kg2 Qe6 33. Bxf5 Qxf5
34. Rd3 Qe4+ 35. Kh2 b4 36. h4 a5 37. Qb2+ Kg8 38. Rd2 Rc3 39. Rg2 Kg7 40. Qd2
Rd3 41. Qb2+ Kh7 42. Qf6 Qd5 43. Qg5 Kg7 44. Re2 Rd1 45. Qxd5 Rxd5 46. Kh3 Kf6
47. Rc2 Kf5 48. Rc4 Rd1 49. Rc5+ Ke4 50. Rxa5 Kf3 51. Kh2 Rd2+ 52. Kh3 f5 53.
Ra6 Rg2 54. Rxg6 Kf2 55. Rc6 Rxg3+ 56. Kh2 Rg4 57. Kh3 Rxf4 58. Rg6 Rf3+ 59.
Kh2 Ke3 60. Rg5 Kf4 61. Rxh5 Rf2+ 62. Kh3 Rxa2 63. Rg5 Rc2 64. Rg7 Rc3+ 65. Kg2
Rxb3 66. h5 Rb2+ 67. Kh3 Rb3+ 68. Kg2 Rb2+ 69. Kh3 Rb3+ 70. Kg2 1/2-1/2

[Event "FIDE Grand Prix, Tashkent 2012"]
[Site "?"]
[Date "2012.11.29"]
[Round "7"]
[White "Ponomariov, Ruslan"]
[Black "Gelfand, Boris"]
[Result "1/2-1/2"]
[WhiteElo "2741"]
[BlackElo "2751"]
[PlyCount "68"]
[EventDate "2012.??.??"]

1. e4 c5 2. Nf3 Nc6 3. Bb5 e6 4. O-O Nge7 5. Re1 Nd4 6. Nxd4 cxd4 7. c3 a6 8.
Bf1 Nc6 9. Na3 Bc5 10. b4 Ba7 11. Rb1 O-O 12. b5 axb5 13. Nxb5 Bc5 14. Bb2 dxc3
15. Bxc3 d5 16. exd5 exd5 17. d4 Be7 18. Qc2 Bf6 19. Bd3 g6 20. f4 Bd7 21. f5
Na7 22. fxg6 hxg6 23. Nd6 Ba4 24. Qxa4 Qxd6 25. Bb4 Bxd4+ 26. Kh1 Bc5 27. Bxc5
Qxc5 28. Qg4 Qc3 29. Bxg6 fxg6 30. Qxg6+ Qg7 31. Qe6+ Qf7 32. Qg4+ Qg7 33. Qe6+
Qf7 34. Qg4+ Qg7 1/2-1/2